00376nam a2200133Ia 4500003000400000005001700004008004100021040001800062041000800080100005700088110002400145245005300169260002000222OSt20230526142523.0211028s2017 xx 000 0 und d cAIMIT LIBRARY aeng aMonteiro, Roy Jackson; Mascarenhas, Vincent.g151933 aVincent Mascarenhas aAdvanced library information system for biblios. aMangalorec2017